000 00864cam a22002657a 4500
003 CHAP
005 20220329134351.0
008 971013s r 00010 d
010 _a19446
011 _a20418
035 _a24506
040 _cCHAP
090 _aD-80
110 2 _aCentro Internacional de Agricultura Tropical
_921185
245 1 0 _aSelección y adecuación de lotes para la producción continua de arroz (Diapositiva)
260 _a(Cali :
_bCentro Internacional de Agricultura Tropical,
_c(s.a.)
300 _a120 diapositivas col. 2 x 2 plg. y 1 cassette (guía del maestro)
590 _aBATCH-UPD
_b10
_c20130110
_lUCH01
_h1126
590 _aCONVERSION
_b10
_c20130109
_lUCH01
_h1312
650 1 4 _aArroz.
_97554
650 1 4 _aSuelos arroceros.
_9110536
901 _aBK
942 _cD
949 _aD-80
_bBC
_cD
_d-56461
_eD
_h59609
_i24506
_si
999 _c19446
_d19446